The Influence of Cultural Differences on the Innovation Process in Lebanon
| Szerzők: | |
|---|---|
| Dokumentumtípus: | Könyv része |
| Megjelent: |
Budapesti Gazdaságtudományi Egyetem
Budapest
2025
|
| Sorozat: | Szemelvények a BGE kutatásaiból 2024
|
| Tárgyszavak: | |
| doi: | 10.29180/978-615-6886-21-7_18 |
| Kulcsszavak: | cultural dimensions innovation power distance individualism vs. collectivism uncertainty avoidance. |
| Online Access: | http://publikaciotar.uni-bge.hu/2581 |
MARC
| LEADER | 00000naa a2200000 i 4500 | ||
|---|---|---|---|
| 001 | publ2581 | ||
| 005 | 20251125135641.0 | ||
| 008 | 251125s2025 hu o 000 zxx d | ||
| 020 | |a 978-615-6886-21-7 | ||
| 024 | |a 10.29180/978-615-6886-21-7_18 |2 doi | ||
| 040 | |a BGE Publikációtár Repozitórium |b hun | ||
| 100 | 1 | |a Saad Raafat Abou | |
| 245 | 1 | 4 | |a The Influence of Cultural Differences on the Innovation Process in Lebanon |c Saad Raafat Abou |h [elektronikus dokumentum] |
| 260 | |a Budapesti Gazdaságtudományi Egyetem |b Budapest |c 2025 | ||
| 300 | |a 167-174 | ||
| 490 | 0 | |a Szemelvények a BGE kutatásaiból 2024 | |
| 650 | 4 | |a társadalomtudományok | |
| 695 | |a cultural dimensions | ||
| 695 | |a innovation | ||
| 695 | |a power distance | ||
| 695 | |a individualism vs. collectivism | ||
| 695 | |a uncertainty avoidance. | ||
| 700 | 1 | |a Sági Judit |e aut | |
| 856 | 4 | 0 | |u https://publikaciotar.uni-bge.hu/id/eprint/2581/1/BGE%20Szemelv%C3%A9nyek%202024%20III.%20k%C3%B6tet_18.pdf |z Dokumentum-elérés |